000
00295nam a2200133Ia 4500
100
_a
Semicon indexes LTD
942
_c
BK
654
_a
SCR manual
245
_a
International diode and SCR manual
260
_b
BPB Publications
082
_a
621.38173
_b
SIL
546
_a
ENGLISH
999
_c
31722
_d
31722